000 01999nam a2200301 4500
003 EC-UNACH
005 20251110140155.0
006 s||||gr|||| 00| 00
008 150116t9999 mx r gr 000 0 spa d
020 _a978-84-96442-34-4
040 _aEC-UNACH
_cEC-UNACH
041 _aspa
082 0 4 _223
_a631.584
_bL017917
110 _aFucovasa y Mundi - Prensa
245 _aManual técnico para el aprovechamiento y elaboración de Biomasa Forestal
250 _aPrimera Edición
264 _aEspaña
_bFucovasa y Mundi - Prensa
_c2009
300 _a348
505 _a1. Fundamentos de los sistemas de aprovechamiento de biomasa forestal primaria. 2. La maquinaria empleada para el aprovechamiento y elaboración de biomasa forestal. 3. Impactos negativos potenciales de la extracción de biomasa forestal. 4. Practicas recomendables por razones de seguridad y salud. 5. El aprovechamiento integral de biomasa en los resalveos de montes bajos de Rebollo. 6. El aprovechamiento de los restos de corta de choperas para biomasa. 7. El aprovechamiento integral de biomasa en claras sobre repoblaciones de Pinus sylvestris L. y Pinus pinaster Ait. 8. El aprovechamiento de biomasa para usos energéticos. 9. El aprovechamiento de tocones como biomasa forestal en las cortas a hecho de pinares de pino silvestre y resinero. 10. Otras experiencias de aprovechamiento de biomasa forestal en tratamientos selvicolas sobre pinares y en podas de encinares. 11. Situación de aprovechamiento de biomasa forestal en tres países cercanos con distancias políticas de fomento: Portugal, Francia e Italia. Conclusiones sobre políticas de incentivación a las energías renovables de origen forestal
650 _aFUNDAMENTOS DE LOS SISTEMAS
650 _aMAQUINARIA EMPLEADA
650 _aMEDIDAS PREVENTIVAS Y CORRECTORAS
700 _aEduardo Tolosana
942 _2ddc
_c1
999 _c14167